पतिव्रता सावित्री (Record no. 325892)

MARC details
000 -LEADER
fixed length control field 00594nam a2200169Ia 4500
008 - FIXED-LENGTH DATA ELEMENTS--GENERAL INFORMATION
fixed length control field 090711s9999 xx 000 0 und d
082 ## - DEWEY DECIMAL CLASSIFICATION NUMBER
Item number 50728
100 ## - MAIN ENTRY--PERSONAL NAME
Personal name करंदीकर शं. दि.
245 ## - TITLE STATEMENT
Title पतिव्रता सावित्री
260 ## - PUBLICATION, DISTRIBUTION, ETC. (IMPRINT)
Name of publisher, distributor, etc शंकर नरहर जोशी
Date of publication, distribution, etc 1963
300 ## - PHYSICAL DESCRIPTION
Extent 239
600 ## - SUBJECT ADDED ENTRY--PERSONAL NAME
Personal name करंदीकर शं. दि.
630 ## - SUBJECT ADDED ENTRY--UNIFORM TITLE
Uniform title पतिव्रता सावित्री
700 ## - ADDED ENTRY--PERSONAL NAME
Personal name करंदीकर शं. दि.
730 ## - ADDED ENTRY--UNIFORM TITLE
Uniform title पतिव्रता सावित्री
942 ## - ADDED ENTRY ELEMENTS (KOHA)
Koha item type Book
Holdings
Withdrawn status Lost status Damaged status Not for loan Home library Current library Date acquired Cost, normal purchase price Total Checkouts Full call number Barcode Date last seen Cost, replacement price Price effective from Koha item type
        Dadar Sarvajanik Vachanalaya, Dardar Dadar Sarvajanik Vachanalaya, Dardar 07/11/2009 1.00   50728 DASAVA-50728 07/11/2009 1.00 07/11/2009 Book